| 000 | 00379 a2200145 4500 | ||
|---|---|---|---|
| 020 | _a9694480000 | ||
| 082 | _a954.91 | ||
| 090 |
_c5563 _d5563 |
||
| 100 | _aAmin,Tahir | ||
| 245 |
_aEthno-National movements of Pakistan _cTahir Amin |
||
| 260 |
_aIslamabad _bInstitute of Policy Studies Islamabad _c1993 |
||
| 300 | _a285 | ||
| 500 | _apaperback | ||
| 942 |
_aNBS _cBK _k954.91 THA |
||
| 999 |
_c347967 _d347967 |
||